Normal view
MARC view
Entry Personal Name
001 - CONTROL NUMBER
- control field: 43026
003 - CONTROL NUMBER IDENTIFIER
- control field: dpl
005 - DATE AND TIME OF LATEST TRANSACTION
- control field: 20120227110619.0
008 - FIXED-LENGTH DATA ELEMENTS
- fixed length control field: 120227|||a|||||| | ||| d
040 ## - CATALOGING SOURCE
- Original cataloging agency: dpl
- Transcribing agency: dpl
100 ## - HEADING--PERSONAL NAME
- Personal name: Mahapatra,Piyush Kanti
670 ## - SOURCE DATA FOUND
- Source citation: Work cat.: (dpl): Mahapatra,Piyush Kanti, Preservation in Libraries:, 2003
670 ## - SOURCE DATA FOUND
- Source citation: Work cat.: (dpl): Mahapatra,Piyush Kanti, Preservation in Libraries:, 2003
